Visual word recognition (Registro nro. 240040)

Detalles MARC
000 -ENCABEZADO
Número de control [NR] 01125cam a2200301Ka 4500
005 - FECHA Y HORA DE LA ÚLTIMA TRANSACCIÓN
control field 20180622105854.0
008 - DE LONGITUD FIJA DE DATOS DE ELEMENTOS - INFORMACIÓN GENERAL
Elementos de longitud fija [NR] 120723s2012 enkad frn 001 0 eng d
020 ## - NUMERO INTERNACIONAL NORMALIZADO PARA LIBROS [R]
ISBN Cancelado/ Invalidado [R] 9781848720589 (V.1)
020 ## - NUMERO INTERNACIONAL NORMALIZADO PARA LIBROS [R]
ISBN Cancelado/ Invalidado [R] 9781848720596 (V.2)
040 ## - FUENTE DE CATALOGACION [NR]
Agencia de catalogación original [NR] Co-BoUCM
Idioma de catalogación [NR] spa
Quien Cataloga
Quien Clasifica Diana Londoño
041 0# - CODIGO DE IDIOMA [R]
Código de idioma para texto/pista de sonido o título separado [R] Inglés
245 00 - MENCION DE TITULO [NR]
Título [NR] Visual word recognition
Mención de responsabilidad, etc. [NR] editado por James S. Adelman
260 ## - PUBLICACION, DISTRIBUCION, ETC. (PIE DE IMPRENTA) [R]
Lugar de publicación, distribución, etc. [R] Hove (Sussex, Inglaterra)
Nombre del editor, distribuidor, etc. [R] Psychology Press
Fecha de publicación, distribución, etc. [R] 2012
300 ## - DESCRIPCION FISICA [R]
Extensión [R] 2 volúmenes
Otros detalles físicos [NR] ilustraciones y gráficas
490 0# - MENCION DE SERIE [R]
Mención de serie [R] Current issues in the psychology of language
504 ## - NOTA DE BIBLIOGRAFIA, ETC. [R]
Nota de bibliografía, etc. [NR] Incluye referencias bibliográficas e índices
505 0# - NOTA DE CONTENIDO CON FORMATO PREESTABLECIDO [R]
Información miscelánea [R] V.1
State manifest and birth record (1764-1977). Models and methods, orthography and phonology
505 0# - NOTA DE CONTENIDO CON FORMATO PREESTABLECIDO [R]
Información miscelánea [R] V.2
State manifest and birth record (1764-1977). Meaning and context, individuals and development
650 #0 - ASIENTO SECUNDARIO DE MATERIA - TERMINO TEMATICO [R]
Término temático o nombre geográfico como elemento de entrada [NR] Palabras y frases
9 (RLIN) 21001
650 #7 - ASIENTO SECUNDARIO DE MATERIA - TERMINO TEMATICO [R]
Término temático o nombre geográfico como elemento de entrada [NR] Educación
9 (RLIN) 13779
650 #7 - ASIENTO SECUNDARIO DE MATERIA - TERMINO TEMATICO [R]
Término temático o nombre geográfico como elemento de entrada [NR] Fonética
9 (RLIN) 16026
650 #7 - ASIENTO SECUNDARIO DE MATERIA - TERMINO TEMATICO [R]
Término temático o nombre geográfico como elemento de entrada [NR] Lectura rápida
9 (RLIN) 18316
650 #7 - ASIENTO SECUNDARIO DE MATERIA - TERMINO TEMATICO [R]
Término temático o nombre geográfico como elemento de entrada [NR] Lenguaje
9 (RLIN) 18359
690 ## - ASUNTO AGREGADO LOCAL DE ENTRADA - TÉRMINO TEMÁTICO (OCLC, RLIN)
9 (RLIN) 42858
Acceso temático local Lingüística aplicada
700 1# - ASIENTO SECUNDARIO - NOMBRE PERSONAL [R]
Nombre personal [NR] Adelman, James S.
Término de relación [R] editor
9 (RLIN) 58533
942 ## - ELEMENTOS DE ENTRADA AGREGADOS (KOHA)
Tema principal Lingüística
Tipo de ítem principal el descrito en 300a Libro
Edición 1
Parte restante de la signatura top. V834
Sistema de clasificación DEWEY
Clasificación 372.4144
Título oculto en OPAC No
Existencias
Fecha de último préstamo Total préstamos Total Renewals Signatura topográfica Código de barras Última vez visto Volúmen / Fascículo Ejemplar Costo de reposición Price effective from Tipo de ítem Perdido Sistema de clasificación Dañado No prestable Tipo de ítem específico Suprimido Ubicación habitual Ubicación actual Localización Fecha de creación Proveedor Forma de adquisición Costo
18/10/2017 4 2 372.4144 V834 200026350 11/12/2025 V.1 Ej.1 128250.00 19/03/2014 Libro   DEWEY     Libro   Quinta de Mutis Quinta de Mutis Mezanecs 19/03/2014 15 Compra 128250.00
19/09/2019 4 5 372.4144 V834 200026351 11/12/2025 V.2 Ej.1 128250.00 19/03/2014 Libro   DEWEY     Libro   Quinta de Mutis Quinta de Mutis Mezanecs 19/03/2014 15 Compra 128250.00